MARC details
| 000 -CABECERA |
| campo de control de longitud fija |
02573nam a2200337 a 4500 |
| 001 - NÚMERO DE CONTROL |
| campo de control |
000013555 |
| 005 - FECHA Y HORA DE LA ÚLTIMA TRANSACCIÓN |
| campo de control |
20200929163252.0 |
| 008 - DATOS DE LONGITUD FIJA--INFORMACIÓN GENERAL |
| campo de control de longitud fija |
091118s2001 dr abc 000 0 spa d |
| 020 ## - NÚMERO INTERNACIONAL ESTÁNDAR DEL LIBRO |
| Número Internacional Estándar del Libro |
8482613626 (v. 1) |
| 020 ## - NÚMERO INTERNACIONAL ESTÁNDAR DEL LIBRO |
| Número Internacional Estándar del Libro |
8482613634 (v. 2) |
| 020 ## - NÚMERO INTERNACIONAL ESTÁNDAR DEL LIBRO |
| Número Internacional Estándar del Libro |
8482613650 (v. 4) |
| 040 ## - FUENTE DE LA CATALOGACIÓN |
| Centro catalogador/agencia de origen |
DO-SdBNP |
| Lengua de catalogación |
spa |
| Centro/agencia transcriptor |
BNPHU |
| 082 ## - NÚMERO DE LA CLASIFICACIÓN DECIMAL DEWEY |
| Número de clasificación |
xxxx |
| Número de documento/Ítem |
xxxx |
| 245 00 - MENCIÓN DE TÍTULO |
| Título |
Sociedad : |
| Resto del título |
educación media / |
| Mención de responsabilidad, etc. |
María Ramona de la Cruz... [et al] ; dirección editorial Obdulia García de Escobar; ilustración Ruddy Núñez. |
| 260 ## - PUBLICACIÓN, DISTRIBUCIÓN, ETC. |
| Lugar de publicación, distribución, etc. |
Santo Domingo : |
| Nombre del editor, distribuidor, etc. |
Santillana, |
| Fecha de publicación, distribución, etc. |
2001. |
| 300 ## - DESCRIPCIÓN FÍSICA |
| Extensión |
4 v. : |
| Otras características físicas |
il., mapa., retrs. ; |
| Dimensiones |
28 cm. |
| 500 ## - NOTA GENERAL |
| Nota general |
Educación media |
| 500 ## - NOTA GENERAL |
| Nota general |
Ejemplares gratuitos, prohibida su venta |
| 500 ## - NOTA GENERAL |
| Nota general |
La biblioteca solamente posee los volumenes 1, 2 y 4 |
| 505 0# - NOTA DE CONTENIDO CON FORMATO |
| Información miscelánea |
v. 1 : |
| -- |
primer grado, primer ciclo -- |
| -- |
Historia y geografía universal -- |
| -- |
eje temático 1 -- |
| Título |
La historia y el origen de la humanidad -- |
| Información miscelánea |
eje temático 2 -- |
| Título |
Las primeras civilizaciones -- |
| Información miscelánea |
eje temático 3 -- |
| Título |
Del feudalismo al capitalismo -- |
| Información miscelánea |
eje temático 4 -- |
| Título |
El mundo contemporáneo -- |
| Información miscelánea |
eje temático 5 -- |
| Título |
Descubre tu planeta.... la tierra -- |
| Información miscelánea |
eje temático 6 -- |
| Título |
Geografía humana: la población y el espacio humanizado / |
| Mención de responsabilidad |
María Ramona de la Cruz -- |
| -- |
Ignacio Aybar -- |
| 505 0# - NOTA DE CONTENIDO CON FORMATO |
| Información miscelánea |
v. 2 : |
| -- |
segundo grado, primer ciclo -- |
| -- |
Historia y geografía de América -- |
| -- |
eje temático 1 -- |
| Título |
América precolombina y Europa en el siglo XV -- |
| Información miscelánea |
eje temático 2 -- |
| Título |
Descubrimiento y colonización -- |
| Información miscelánea |
eje temático 3 -- |
| Título |
Las independencias americanas -- |
| Información miscelánea |
eje temático 4 -- |
| Título |
América en el siglo XX -- |
| Información miscelánea |
eje temático 5 -- |
| Título |
Descubre tu continente... América -- |
| Información miscelánea |
eje temático 6 -- |
| Título |
La población y el espacio organizado / |
| Mención de responsabilidad |
María Ramona de la Cruz -- |
| -- |
Quisqueya Lora -- |
| -- |
Ignacio Aybar -- |
| -- |
Marcos Morales -- |
| 505 0# - NOTA DE CONTENIDO CON FORMATO |
| Información miscelánea |
v.4 : |
| -- |
segundo grado, segundo ciclo -- |
| -- |
La República Dominicana hoy -- |
| -- |
eje temático 1 -- |
| Título |
Luchas democráticas y procesos políticos 1961-1965 -- |
| Información miscelánea |
eje temático 2 -- |
| Título |
Política y sociedad a partir de 1965 -- |
| Información miscelánea |
eje temático 3 -- |
| Título |
La población y el espacio económico |
| Información miscelánea |
eje temático 4 -- |
| Título |
República Dominicana y globalización / |
| Mención de responsabilidad |
Quisqueya Lora -- |
| -- |
Fanny Capellán Almonte -- |
| -- |
Ignacio Aybar -- |
| -- |
Manuel Escobar -- |
| -- |
Marcos Morales -- |
| 700 1# - PUNTO DE ACCESO ADICIONAL--NOMBRE DE PERSONA |
| Nombre de persona |
De la Cruz, María Ramona |
| 9 (RLIN) |
29830 |
| 700 1# - PUNTO DE ACCESO ADICIONAL--NOMBRE DE PERSONA |
| Nombre de persona |
Aybar, Ignacio |
| 9 (RLIN) |
29767 |
| 700 1# - PUNTO DE ACCESO ADICIONAL--NOMBRE DE PERSONA |
| Nombre de persona |
Lora, Quisqueya |
| 9 (RLIN) |
29829 |
| 700 1# - PUNTO DE ACCESO ADICIONAL--NOMBRE DE PERSONA |
| Nombre de persona |
Morales, Marcos |
| 9 (RLIN) |
29769 |
| 700 1# - PUNTO DE ACCESO ADICIONAL--NOMBRE DE PERSONA |
| Nombre de persona |
Capellán Almonte, Fanny |
| 9 (RLIN) |
29766 |
| 700 1# - PUNTO DE ACCESO ADICIONAL--NOMBRE DE PERSONA |
| Nombre de persona |
Escobar, Manuel |
| 9 (RLIN) |
29827 |
| 700 1# - PUNTO DE ACCESO ADICIONAL--NOMBRE DE PERSONA |
| Nombre de persona |
Núñez, Ruddy |
| Término indicativo de función/relación |
il. |
| 9 (RLIN) |
23171 |
| 700 1# - PUNTO DE ACCESO ADICIONAL--NOMBRE DE PERSONA |
| Nombre de persona |
Garca Escobar, Obdulia, |
| Término indicativo de función/relación |
dir. ed. |
| 9 (RLIN) |
29770 |